effect of direct seeding mulch based cropping system on soil physical properties (ឥទ្ធិពលនៃប្រព័ន្ធដំាដុះដំណាំគំរបដី ទៅលើលក្ខណៈរូបសាស្រ្តដី) (Record no. 1109)

000 -LEADER
fixed length control field 00615nam a22001577a 4500
003 - CONTROL NUMBER IDENTIFIER
control field OSt
005 - DATE AND TIME OF LATEST TRANSACTION
control field 20150923102517.0
008 - FIXED-LENGTH DATA ELEMENTS--GENERAL INFORMATION
fixed length control field 150923b xxu||||| |||| 00| 0 eng d
040 ## - CATALOGING SOURCE
Transcribing agency RUA
082 ## - DEWEY DECIMAL CLASSIFICATION NUMBER
Classification number AGR OUK 2010 B045 Or.1
100 ## - MAIN ENTRY--PERSONAL NAME
9 (RLIN) 1163
Personal name OUK, AKHARA.
245 ## - TITLE STATEMENT
Title effect of direct seeding mulch based cropping system on soil physical properties (ឥទ្ធិពលនៃប្រព័ន្ធដំាដុះដំណាំគំរបដី ទៅលើលក្ខណៈរូបសាស្រ្តដី)
260 ## - PUBLICATION, DISTRIBUTION, ETC. (IMPRINT)
Place of publication, distribution, etc. Phnom Penh
Name of publisher, distributor, etc. RUA
Date of publication, distribution, etc. 2010
300 ## - PHYSICAL DESCRIPTION
Extent ix, 50p.
Other physical details ill.
Dimensions 29cm.
942 ## - ADDED ENTRY ELEMENTS (KOHA)
Source of classification or shelving scheme
Koha item type AGR
Holdings
Price effective from Date last seen Permanent Location Not for loan Date acquired Source of classification or shelving scheme Koha item type Lost status Withdrawn status Date last checked out Total Checkouts Shelving location Damaged status Barcode Current Location Full call number
2015-09-232022-12-27Library Block B 2015-09-23 AGR  2022-12-145B045 RUA000078Library Block BAGR OUK 2010 B045 Or.1
2015-09-232024-07-12Library Block B 2015-09-23 AGR  2024-07-023B045 RUA000650Library Block BAGR OUK 2010 B045 Or.2
មជ្ឈមណ្ឌលឯការនៃសាកលវិទ្យាល័យភូមិន្ទកសិកម្មចំការដូង

Powered by Koha